Les lois d'assurance ouvrière a l'étranger / (Record no. 151805)

MARC details
000 -LEADER
campo de control de longitud fija 00877nam a22002175i 4500
001 - NÚMERO DE CONTROL
campo de control 151805
003 - IDENTIFICADOR DE NÚMERO DE CONTROL
campo de control ES-MaACL
005 - FECHA Y HORA DE LA ÚLTIMA TRANSACCIÓN
campo de control 20250826060649.0
008 - DATOS DE LONGITUD FIJA--INFORMACIÓN GENERAL
campo de control de longitud fija 010710m18921895fr |||| | fre d
040 ## - FUENTE DE CATALOGACIÓN
Centro catalogador/agencia de origen CCPB | B
Lengua de catalogación spa
Centro/agencia transcriptor CCPB | B
100 1# - ENTRADA PRINCIPAL--NOMBRE DE PERSONA
Nombre de persona Bellom, Maurice.
9 (RLIN) 27265
245 14 - MENCIÓN DEL TÍTULO
Título Les lois d'assurance ouvrière a l'étranger /
Mención de responsabilidad, etc. par Maurice Bellom.
260 ## - PUBLICACIÓN, DISTRIBUCIÓN, ETC.
Lugar de publicación, distribución, etc. Paris :
Nombre del editor, distribuidor, etc. Arthur Rousseau,
Fecha de publicación, distribución, etc. 1892-1895 (
Lugar de fabricación/manufactura Le Puy en Velay) :
Fabricante Imprimerie Marchessou fils)
300 ## - DESCRIPCIÓN FÍSICA
Extensión v. ;
Dimensiones 25 cm.
505 8# - NOTA DE CONTENIDO CON FORMATO
Nota de contenido con formato T. I. Assurance contre la maladie (II, 664 p.) -- T. II. Assurance contre les accidents, primière partie (680, X p.)
650 #7 - PUNTO DE ACCESO ADICIONAL DE MATERIA--TÉRMINO DE MATERIA
Término de materia o nombre geográfico como elemento de entrada Accidentes de trabajo
Fuente del encabezamiento o término embne
9 (RLIN) 9573
752 ## - ENTRADA AGREGADA--NOMBRE JERÁRQUICO DEL LUGAR
País o entidad superior Francia -
Ciudad París
752 ## - ENTRADA AGREGADA--NOMBRE JERÁRQUICO DEL LUGAR
País o entidad superior Francia -
Ciudad Le Puy en Velay
852 ## - LOCALIZACIÓN
Ubicación ES-MaACL
Número de control de estantería F-11774-11781
Nota libre -- Rúst., excepto T. IV en hol.
condición física -- Falto del T. I y X
Holdings
Estatus retirado Estado de pérdida Estado de daño No para préstamo Colección Biblioteca de origen Biblioteca actual Ubicación en estantería Fecha de adquisición Fuente de adquisición Total de préstamos Signatura topográfica completa Código de barras Visto por última vez Precio de reemplazo Tipo de ítem Koha
        Libros del s. XIX Biblioteca del Ateneo de Madrid Biblioteca del Ateneo de Madrid Sala Pecera Planta 2 17/01/2008     F-11774-11781 1158437 23/02/2023 23/02/2023 Libro impreso antiguo